| 000 | 00351cam a2200145ua 4500 | ||
|---|---|---|---|
| 041 |
_aeng _h |
||
| 082 |
_a828.09 _bBAM/BE |
||
| 100 | _aBamborough, J.B . | ||
| 245 |
_aBen Johnson / _cJ.B.Bamborough. _hTextual Documents |
||
| 260 |
_aLondon : _bLongman Green and Co , _c1959. |
||
| 300 | _a43 ; . | ||
| 504 | _a | ||
| 942 | _cBK | ||
| 999 |
_c8797 _d8797 |
||